Word Ladder: Four-Letter Films Quiz Stats

Quiz Updated Apr 25, 2017

Challenge
Share
Tweet
Embed
Score 0/26 Timer 03:00
0 Plays Today
Hint 4-Letter Word % Correct
Wolverine actor JackmanHUGH
96.2%
'___ we forget...' (Kipling)LEST
94.3%
Midterm or final, e.g.TEST
93.9%
Z's positionLAST
92.8%
'Shh!'HUSH
91.5%
T. rex, e.g.DINO
90.4%
Mascara targetLASH
90.1%
Eat a mealDINE
89.1%
Place for bowling ballsLANE
89.1%
1995 film 'That'll do pig'• BABE •
87.3%
Batman villainBANE
86.9%
Nickname for Ms. StreisandBABS
83.7%
2013 film about Formula 1 Drivers• RUSH •
82.7%
Hint 4-Letter Word % Correct
String instrumentBASS
75%
1970 black comedy war film• M*A*S*H •
72.5%
'Clair de ___' (Debussy)LUNE
72%
1962 Bond film (2 words)• DR NO •
71.8%
1979 film based on a Thomas Hardy novel• TESS •
70.3%
Elizabeth I - Good Queen ____BESS
69.6%
1984 film based on a Frank Herbert novel• DUNE •
69.1%
2012 film directed by Ben Affleck• ARGO •
67.8%
Substance used in perfumeMUSK
67.2%
1985 film starring CherMASK
66.9%
River in ItalyARNO
62.3%
Baby's biscuitRUSK
62%
2011 film directed by Martin Scorsese• HUGO •
49.2%

Today's Daily Dose

You're not logged in!

Compare scores with friends on all Sporcle quizzes.
Sign Up with Email
OR
Log In

You Might Also Like...

Show Comments

Extras

Top Quizzes Today


Score Distribution

Your Account Isn't Verified!

In order to create a playlist on Sporcle, you need to verify the email address you used during registration. Go to your Sporcle Settings to finish the process.